|
|
|
|
| LEADER |
00000nab a2200000ua 4500 |
| 001 |
vtls010857227 |
| 003 |
SK-MaSNL |
| 005 |
20260303110150.0 |
| 008 |
230121s2010 xo |||||||||||||||||slo| |
| 035 |
|
|
|a (urnnbn)urn:nbn:sk:snk:ar-a07lu5
|
| 035 |
|
|
|a urn:nbn:sk:snk-ab6g4y
|
| 035 |
|
|
|a (uuid)dc1c86f6-0047-4db1-8963-fc238721318b
|
| 040 |
|
|
|a SNKBUCL
|b slo
|c SNKBUCL
|e AACR2
|
| 041 |
0 |
|
|a slo
|
| 044 |
|
|
|a xo
|c SK
|
| 100 |
1 |
|
|a Kostiuk, Pavel,
|d 1946-
|4 aut
|9 196029
|
| 245 |
1 |
0 |
|a OMALIZUMAB V LIEČBE PERZISTUJÚCEJ ASTMY: ŠTÚDIA PREUKÁZALA ÚČINNOSŤ A BEZPEČNOSŤ AJ U DETÍ
|c Pavel Kostiuk
|
| 773 |
0 |
|
|t Medinews : časopis pre lekárov
|g Roč. 8, č. 1 (2010), s. 28
|
| 954 |
|
|
|a odborná, vedecká literatúra pôvodná (slovenská)
|2 lita
|
| 958 |
|
|
|a OND
|
| 958 |
|
|
|a EUIPO
|
| 958 |
|
|
|a article5
|
| 999 |
|
|
|c 1868421
|d 1870351
|